000 00503nam a22001817a 4500
003 CEME
005 20210628210639.0
008 210204b xxu||||| |||| 00| 0 eng d
020 _a81-203-1461-1
040 _c.
082 _a621.3813 RIZ
100 _aRizzi, Peter.A
_980330
245 _aMicrowave engineering passive circuits
260 _aNEW DELHI
_bPRENTICE HALL
_c1999
300 _a565P
650 _aMICROWAVE TRANSMISSION LINES MICROWAVE RESONATORS AND FILTERS
_980331
942 _cBK
_2ddc
999 _c585283
_d585283